| 000 | 00508nam a22001817a 4500 | ||
|---|---|---|---|
| 005 | 20130624160702.0 | ||
| 010 | _aENG-107728 | ||
| 020 |
_a9788184984644 _c350.00 |
||
| 035 | _aEN-91261 | ||
| 037 | _bDBAD/PUB | ||
| 082 | _aN | ||
| 100 | _aColes, William | ||
| 245 |
_aMr two-bomb : _cby William Coles _bbased on a true story / |
||
| 260 |
_aPune _bMehta Publishing House _c2013 |
||
| 270 |
_a1941, Sadashiv Peth, Madiwale Colony _bPune _e411030 |
||
| 300 |
_a284p. _c18cm(pbk) |
||
| 942 |
_2ddc _cEN _mCOL _hN |
||
| 999 |
_c76928 _d76928 |
||